(KHMER) The story of plague on the queen of Egypt / (Record no. 50145)
| 000 -LEADER | |
|---|---|
| fixed length control field | 00341nam a2200109 4500 |
| 020 ## - INTERNATIONAL STANDARD BOOK NUMBER | |
| International Standard Book Number | 9789996305795 |
| 100 ## - MAIN ENTRY--PERSONAL NAME | |
| Personal name | Jean - Marie Defossez |
| 9 (RLIN) | 87174 |
| 245 ## - TITLE STATEMENT | |
| Title | (KHMER) The story of plague on the queen of Egypt / |
| Statement of responsibility, etc | Jean-Marie Defossez & Bruno Pilorget |
| 260 ## - PUBLICATION, DISTRIBUTION, ETC. (IMPRINT) | |
| Place of publication, distribution, etc | Cambodia |
| Name of publisher, distributor, etc | Sipar |
| Date of publication, distribution, etc | 2021 |
| 300 ## - PHYSICAL DESCRIPTION | |
| Extent | 44 p. |
| Other physical details | col. ill. |
| Dimensions | 24 cm. |
| 942 ## - ADDED ENTRY ELEMENTS (KOHA) | |
| Source of classification or shelving scheme | |
| Koha item type | Book |
| Withdrawn status | Lost status | Source of classification or shelving scheme | Damaged status | Not for loan | Collection code | Home library | Current library | Shelving location | Date acquired | Total Checkouts | Full call number | Barcode | Date last seen | Price effective from | Koha item type |
|---|---|---|---|---|---|---|---|---|---|---|---|---|---|---|---|
| Siem Riep | Asian Hope Siem Reap | Asian Hope Siem Reap | SECONDARY | 02/03/2026 | KHMER E DEF | 209770 | 02/03/2026 | 02/03/2026 | Book | ||||||
| Siem Riep | Asian Hope Siem Reap | Asian Hope Siem Reap | SECONDARY | 02/03/2026 | KHMER E DEF | 209774 | 02/03/2026 | 02/03/2026 | Book |